000 00241nam a2200097Ia 4500
008 190216s9999||||xx |||||||||||||| ||und||
100 _aLakshmi Narayana Swami
245 0 _aHindi-Subol Gadav Samgrah
260 _bVidyarthimithram
942 _cBK
999 _c18414
_d18414